[Event "New York 1000 GM Winter GM-B"]
[Site "New York"]
[Date "2024.01.15"]
[Round "9"]
[White "Levine, Joseph1"]
[Black "Koustav, Chatterjee"]
[Result "0-1"]
[WhiteElo "2376"]
[BlackElo "2546"]
[PlyCount "102"]
[EventDate "2024.01.11"]
[EventType "tourn"]
[EventRounds "9"]
[EventCountry "USA"]
[EventCategory "6"]
[SourceTitle "CB04_2024"]
[SourceDate "2023.10.16"]
[SourceVersion "1"]
[SourceVersionDate "2023.10.16"]
[SourceQuality "1"]

1. e4 e5 2. Nf3 Nc6 3. Bc4 Nf6 4. d3 Bc5 5. c3 d6 6. 0-0 a5 7. Re1 0-0 8. h3 Be6 9. Bb5 Ba7 10. Nbd2 Ne7 11. d4 Ng6 12. Nf1 c6 13. Bd3 Nh5 14. g3 Nf6 15. Kg2 Qc8 16. h4 d5 17. exd5 Bxd5 18. c4 Bxf3+ 19. Qxf3 Bxd4 20. h5 e4 21. Bxe4 Ne5 22. Qf4 Qg4 23. Qxg4 Nexg4 24. Bf3 Rfe8 25. Rxe8+ Rxe8 26. Bd2 Nxf2 27. Bxa5 Bxb2 28. Rb1 Nd3 29. Bd2 Ne4 30. Bxe4 Rxe4 31. Ne3 Re7 32. Kf1 g6 33. hxg6 hxg6 34. Ke2 Rd7 35. a4 f5 36. a5 Be5 37. Nf1 Nc5 38. Be1 Kf7 39. Ne3 Ke6 40. Rb6 Bc7 41. Rb1 g5 42. g4 f4 43. Nf5 Rd3 44. Bb4 f3+ 45. Kf1 Nd7 46. Be1 Ne5 47. Rxb7 Nxg4 48. Ng7+ Kd7 49. Rb2 Be5 50. Rb7+ Kc8 51. a6 Bd4 0-1

[Event "New York 1000 GM Winter GM-B"]
[Site "New York"]
[Date "2024.01.14"]
[Round "6"]
[White "Koustav, Chatterjee"]
[Black "Nakada, Akira W"]
[Result "1-0"]
[WhiteElo "2546"]
[BlackElo "2374"]
[PlyCount "43"]
[EventDate "2024.01.11"]
[EventType "tourn"]
[EventRounds "9"]
[EventCountry "USA"]
[EventCategory "6"]
[SourceTitle "CB04_2024"]
[SourceDate "2023.10.16"]
[SourceVersion "1"]
[SourceVersionDate "2023.10.16"]
[SourceQuality "1"]

1. e4 c6 2. d4 d5 3. e5 c5 4. c3 Nc6 5. Be2 e6 6. Nf3 Bd7 7. 0-0 Nge7 8. dxc5 Ng6 9. Be3 Ngxe5 10. Nd4 Nxd4 11. cxd4 Nc6 12. a3 a5 13. Nc3 b6 14. Na4 bxc5 15. dxc5 Be7 16. Nb6 Rb8 17. Qa4 d4 18. Bb5 dxe3 19. Bxc6 exf2+ 20. Kh1 Bxc6 21. Qxc6+ Kf8 22. Rad1 1-0

[Event "New York 1000 GM Winter GM-B"]
[Site "New York"]
[Date "2024.01.13"]
[Round "4"]
[White "Lee, Alice"]
[Black "Koustav, Chatterjee"]
[Result "0-1"]
[WhiteElo "2379"]
[BlackElo "2546"]
[PlyCount "72"]
[EventDate "2024.01.11"]
[EventType "tourn"]
[EventRounds "9"]
[EventCountry "USA"]
[EventCategory "6"]
[SourceTitle "CB04_2024"]
[SourceDate "2023.10.16"]
[SourceVersion "1"]
[SourceVersionDate "2023.10.16"]
[SourceQuality "1"]

1. Nf3 Nf6 2. c4 g6 3. Nc3 Bg7 4. e4 d6 5. d4 0-0 6. Be2 e5 7. 0-0 Nc6 8. Be3 Ng4 9. Bg5 f6 10. Bc1 f5 11. exf5 gxf5 12. dxe5 dxe5 13. Qd5+ Kh8 14. Qxd8 Nxd8 15. Nb5 c6 16. Nd6 e4 17. Ng5 Ne5 18. Be3 h6 19. Nh3 Ne6 20. Nf4 Nxf4 21. Bxf4 Ng6 22. Bd2 Be6 23. Rad1 b6 24. Bc1 Rad8 25. Nb7 Rb8 26. Nd6 Rfd8 27. g4 Nh4 28. Bf4 fxg4 29. Bxg4 Rf8 30. Bxe6 Rxf4 31. Nf7+ Kh7 32. Nd8 Nf3+ 33. Kg2 Ne5 34. Bh3 Bf6 35. Ne6 Rf3 36. Rd6 Be7 0-1

[Event "North American op 33rd"]
[Site "Las Vegas"]
[Date "2023.12.30"]
[Round "9"]
[White "Koustav, Chatterjee"]
[Black "Mikaelyan, Arman"]
[Result "1-0"]
[WhiteElo "2546"]
[BlackElo "2519"]
[PlyCount "65"]
[EventDate "2023.12.26"]
[EventType "swiss"]
[EventRounds "9"]
[EventCountry "USA"]
[SourceTitle "CB01_2024"]
[SourceDate "2024.01.03"]
[SourceVersion "1"]
[SourceVersionDate "2024.01.03"]
[SourceQuality "1"]

1. d4 Nf6 2. c4 e6 3. Nc3 Bb4 4. e3 0-0 5. Bd3 d5 6. a3 Bxc3+ 7. bxc3 dxc4 8. Bxc4 c5 9. Nf3 Qc7 10. Be2 b6 11. Bb2 Bb7 12. 0-0 Nbd7 13. c4 Rac8 14. Rc1 Rfd8 15. Re1 cxd4 16. exd4 Nc5 17. Ne5 Ba8 18. Bf1 Qb8 19. Re3 Nce4 20. Bd3 Qb7 21. Ng4 Nxg4 22. Qxg4 f5 23. Qh4 Qf7 24. f3 Nd6 25. d5 Re8 26. Rce1 b5 27. Rxe6 bxc4 28. Re7 Rxe7 29. Rxe7 cxd3 30. Rxf7 Kxf7 31. Qd4 d2 32. Qxg7+ Ke8 33. Qg8+ 1-0

[Event "North American op 33rd"]
[Site "Las Vegas"]
[Date "2023.12.28"]
[Round "6"]
[White "Macovei, Andrei"]
[Black "Koustav, Chatterjee"]
[Result "1/2-1/2"]
[WhiteElo "2460"]
[BlackElo "2546"]
[PlyCount "114"]
[EventDate "2023.12.26"]
[EventType "swiss"]
[EventRounds "9"]
[EventCountry "USA"]
[SourceTitle "CB01_2024"]
[SourceDate "2024.01.03"]
[SourceVersion "1"]
[SourceVersionDate "2024.01.03"]
[SourceQuality "1"]

1. e4 e5 2. Nf3 Nc6 3. Bb5 a6 4. Ba4 Nf6 5. 0-0 Be7 6. Re1 b5 7. Bb3 0-0 8. a4 Rb8 9. axb5 axb5 10. c3 d6 11. d4 exd4 12. cxd4 d5 13. e5 Ne4 14. Nc3 Nxc3 15. bxc3 Bf5 16. Bc2 Qd7 17. Bxf5 Qxf5 18. Ra6 Nd8 19. Qb3 Qd3 20. Qxd5 b4 21. Ra7 Ne6 22. cxb4 Bxb4 23. Qe4 Qxe4 24. Rxe4 Rfd8 25. g3 Bc3 26. Be3 Rb4 27. Ng5 Nxg5 28. Bxg5 Rc8 29. Be3 c5 30. Rd7 Re8 31. Rf4 cxd4 32. Bxd4 g5 33. Bxc3 Rb1+ 34. Kg2 gxf4 35. gxf4 Rbb8 36. Ba5 Ra8 37. Rd5 h5 38. Kf3 Kh7 39. Ke4 Rg8 40. Kf5 Rg2 41. h4 Rxf2 42. Bd8 Rfa2 43. Kg5 R8a4 44. Bf6 Rg2+ 45. Kf5 Rg6 46. Bg5 Kg7 47. Rd7 Raa6 48. Rd5 Rac6 49. Bf6+ Rcxf6+ 50. exf6+ Rxf6+ 51. Kg5 Ra6 52. Kxh5 Rb6 53. Kg4 Ra6 54. Rg5+ Kh7 55. h5 Rb6 56. Rf5 Kg7 57. Kg5 Ra6 1/2-1/2

[Event "US Masters op"]
[Site "Charlotte"]
[Date "2023.11.26"]
[Round "9"]
[White "Koustav, Chatterjee"]
[Black "Putnam, Liam H"]
[Result "1-0"]
[WhiteElo "2547"]
[BlackElo "2332"]
[PlyCount "79"]
[EventDate "2023.11.22"]
[EventType "swiss"]
[EventRounds "9"]
[EventCountry "USA"]
[SourceTitle "CB48_2023"]
[SourceDate "2023.11.29"]
[SourceVersion "1"]
[SourceVersionDate "2023.11.29"]
[SourceQuality "1"]

1. Nf3 d5 2. g3 g6 3. Bg2 Bg7 4. d4 c6 5. 0-0 Nf6 6. b3 0-0 7. c4 a5 8. Nc3 Ne4 9. Bb2 Bf5 10. e3 Nxc3 11. Bxc3 Be4 12. Qe2 a4 13. Bh3 axb3 14. axb3 Rxa1 15. Rxa1 c5 16. Nd2 Nc6 17. Nxe4 dxe4 18. Rd1 cxd4 19. exd4 Bxd4 20. Bxd4 Nxd4 21. Qxe4 e5 22. Bg2 Qd6 23. Re1 Nc6 24. Qe3 Qb4 25. Rd1 Qa5 26. h4 Rd8 27. Rxd8+ Nxd8 28. Bd5 Nc6 29. Qf3 Qc7 30. Qf6 Na5 31. c5 Nc6 32. h5 gxh5 33. Qg5+ Kf8 34. Qh6+ Kg8 35. Be4 Nd8 36. Bxh7+ Kh8 37. Be4+ Kg8 38. b4 Nc6 39. b5 Nd4 40. b6 1-0

[Event "Fagernes op-A"]
[Site "Fagernes"]
[Date "2023.04.06"]
[Round "6"]
[White "Puranik, Abhimanyu Sameer"]
[Black "Koustav, Chatterjee"]
[Result "1/2-1/2"]
[WhiteElo "2599"]
[BlackElo "2520"]
[PlyCount "37"]
[EventDate "2023.04.02"]
[EventType "swiss"]
[EventRounds "9"]
[EventCountry "NOR"]
[SourceTitle "CBM 213 Extra"]
[Source "ChessBase"]
[SourceDate "2023.05.31"]
[SourceVersion "1"]
[SourceVersionDate "2023.05.31"]
[SourceQuality "1"]

1. e4 e5 2. Nf3 Nc6 3. Bb5 a6 4. Ba4 Nf6 5. 0-0 Be7 6. d3 b5 7. Bb3 d6 8. c3 Na5 9. Bc2 c5 10. a4 Bd7 11. d4 Qb8 12. Bg5 Ra7 13. h3 Qc7 14. Nbd2 0-0 15. Be3 cxd4 16. cxd4 Rb7 17. d5 Rc8 18. Bd3 Nc4 19. Rc1 1/2-1/2

[Event "Fagernes op-A"]
[Site "Fagernes"]
[Date "2023.04.05"]
[Round "5"]
[White "Savitha Shri, B."]
[Black "Koustav, Chatterjee"]
[Result "0-1"]
[WhiteElo "2411"]
[BlackElo "2520"]
[PlyCount "164"]
[EventDate "2023.04.02"]
[EventType "swiss"]
[EventRounds "9"]
[EventCountry "NOR"]
[SourceTitle "CBM 213 Extra"]
[Source "ChessBase"]
[SourceDate "2023.05.31"]
[SourceVersion "1"]
[SourceVersionDate "2023.05.31"]
[SourceQuality "1"]

1. e4 e5 2. Nf3 Nc6 3. Bb5 a6 4. Ba4 Nf6 5. 0-0 Be7 6. d3 b5 7. Bb3 d6 8. Bd2 0-0 9. h3 Bb7 10. Re1 Qd7 11. a3 Nd8 12. Nc3 Ne6 13. Ne2 c5 14. Ng3 Rfc8 15. Ba2 Bf8 16. Bg5 Nxg5 17. Nxg5 c4 18. Qe2 h6 19. Nf3 Qc7 20. dxc4 bxc4 21. Nd2 c3 22. bxc3 d5 23. exd5 Nxd5 24. Bxd5 Bxd5 25. Qxe5 Qc6 26. Nge4 Ra7 27. c4 Bxc4 28. Nxc4 Qxc4 29. Nd6 Bxd6 30. Qxd6 Qxc2 31. Rab1 Qc6 32. Rb6 Qxd6 33. Rxd6 Rc5 34. Re3 Ra5 35. Rc3 Ra4 36. Rb6 Rd7 37. Rc8+ Kh7 38. Ra8 Rd1+ 39. Kh2 Rd2 40. Raxa6 Rf4 41. Rb3 Rfxf2 42. Rg3 h5 43. Ra4 Kh6 44. h4 Rf1 45. Rc3 Rdd1 46. Kg3 Rh1 47. Ra7 Rd4 48. Rxf7 Rhxh4 49. Rf8 g6 50. Rcf3 Rh1 51. Re8 h4+ 52. Kf2 Rdd1 53. Re2 Ra1 54. Rc3 Kh5 55. Rb3 g5 56. Rd3 Rhf1+ 57. Ke3 Rf4 58. Rc3 Kg4 59. Rb3 Kh5 60. Rc3 Kg4 61. Rb3 Rf5 62. Kd4 Ra5 63. Re4+ Kf5 64. Ree3 g4 65. Rb8 Ra4+ 66. Kd5 Kf4 67. Rc3 Ra5+ 68. Ke6 Re5+ 69. Kf6 Rae1 70. Rb6 R1e3 71. Rb4+ R3e4 72. Rb1 Re6+ 73. Kf7 Re7+ 74. Kf8 Re3 75. Rc4+ R7e4 76. Rc6 Rxa3 77. Rh1 Kg3 78. Rh6 Kxg2 79. R1xh4 Rh3 80. Rxh3 gxh3 81. Rg6+ Kf3 82. Rh6 Kg3 0-1

[Event "Fagernes op-A"]
[Site "Fagernes"]
[Date "2023.04.02"]
[Round "1"]
[White "Sourath, Biswas"]
[Black "Koustav, Chatterjee"]
[Result "0-1"]
[WhiteElo "2265"]
[BlackElo "2520"]
[PlyCount "44"]
[EventDate "2023.04.02"]
[EventType "swiss"]
[EventRounds "9"]
[EventCountry "NOR"]
[SourceTitle "CBM 213 Extra"]
[Source "ChessBase"]
[SourceDate "2023.05.31"]
[SourceVersion "1"]
[SourceVersionDate "2023.05.31"]
[SourceQuality "1"]

1. Nf3 Nf6 2. c4 e6 3. b3 d5 4. Bb2 Bd6 5. g3 c5 6. cxd5 exd5 7. Bg2 Nc6 8. 0-0 d4 9. e3 0-0 10. Na3 Bg4 11. Qb1 Re8 12. Re1 Qd7 13. exd4 cxd4 14. Qd3 Bf5 15. Qc4 Be4 16. Nh4 Bxa3 17. Bxa3 Ne5 18. Qa4 b5 19. Qa6 Re6 20. Qa5 Bxg2 21. Kxg2 Qb7+ 22. Kg1 Nc6 0-1

[Event "Titled Tuesday intern op 28th Mar Early"]
[Site "Chess.com INT"]
[Date "2023.03.28"]
[Round "6"]
[White "Svane, Rasmus"]
[Black "Koustav, Chatterjee"]
[Result "0-1"]
[WhiteElo "2620"]
[BlackElo "2520"]
[PlyCount "48"]
[EventDate "2023.03.28"]
[EventType "swiss (blitz)"]
[EventRounds "11"]
[EventCountry "USA"]
[SourceTitle "EXT 2024"]
[Source "ChessBase"]
[SourceDate "2023.10.10"]
[SourceVersion "1"]
[SourceVersionDate "2023.10.10"]
[SourceQuality "1"]

1. Nf3 d5 2. g3 Nf6 3. Bg2 c6 4. 0-0 Bf5 5. c4 e6 6. Qb3 Qb6 7. d3 Nbd7 8. cxd5 exd5 9. Qc2 Be7 10. Nc3 0-0 11. e4 dxe4 12. dxe4 Bg6 13. Nh4 Rad8 14. h3 Rfe8 15. Kh2 Bb4 16. Be3 Qa5 17. Nxg6 hxg6 18. f3 Qh5 19. Rad1 Ne5 20. Rxd8 Rxd8 21. Ne2 Neg4+ 22. fxg4 Nxg4+ 23. Kh1 Nxe3 24. Qd1 Rxd1 0-1

[Event "IND-ch 59th"]
[Site "New Delhi"]
[Date "2022.12.30"]
[Round "9"]
[White "Sethuraman, SP."]
[Black "Koustav, Chatterjee"]
[Result "0-1"]
[WhiteElo "2642"]
[BlackElo "2508"]
[PlyCount "100"]
[EventDate "2022.12.22"]
[EventType "swiss"]
[EventRounds "13"]
[EventCountry "IND"]
[SourceTitle "CBM 211 Extra"]
[Source "ChessBase"]
[SourceDate "2023.01.31"]
[SourceVersion "1"]
[SourceVersionDate "2023.01.31"]
[SourceQuality "1"]

1. e4 e6 2. d4 d5 3. Nc3 Nf6 4. e5 Nfd7 5. f4 c5 6. Nf3 Nc6 7. Be3 cxd4 8. Nxd4 Qb6 9. Qd2 Qxb2 10. Rb1 Qa3 11. Bb5 Nxd4 12. Bxd4 a6 13. Bxd7+ Bxd7 14. Rb3 Qe7 15. Rxb7 Rc8 16. 0-0 Qd8 17. Qe3 Rc4 18. Rfb1 Be7 19. h3 0-0 20. Kh2 Bc8 21. Ra7 f6 22. Rd1 fxe5 23. Bxe5 Bf6 24. Rd2 Bxe5 25. Qxe5 Qf6 26. Qxf6 gxf6 27. Ne2 Rf7 28. Rxf7 Kxf7 29. c3 Bd7 30. f5 e5 31. Rxd5 Bxf5 32. Ra5 Rc6 33. Kg1 Be6 34. Kf2 Rb6 35. a4 Rb2 36. Kf3 Bb3 37. Nc1 Bc4 38. Rc5 Bf1 39. g4 Rc2 40. Nb3 Bxh3 41. a5 Kg6 42. Rc7 h6 43. Kg3 Bf1 44. Rc8 Be2 45. Rc7 h5 46. gxh5+ Bxh5 47. Na1 Rb2 48. Rc6 Kg5 49. Rb6 Ra2 50. Nb3 f5 0-1

[Event "BAN-chT Premier"]
[Site "Dhaka"]
[Date "2022.12.10"]
[Round "11.3"]
[White "Rahman, Siddiqur"]
[Black "Koustav, Chatterjee"]
[Result "0-1"]
[WhiteElo "1970"]
[BlackElo "2496"]
[PlyCount "80"]
[EventDate "2022.11.30"]
[EventType "team-tourn"]
[EventRounds "11"]
[EventCountry "BAN"]
[SourceTitle "CBM 211 Extra"]
[Source "ChessBase"]
[SourceDate "2023.01.31"]
[SourceVersion "1"]
[SourceVersionDate "2023.01.31"]
[SourceQuality "1"]
[WhiteTeam "Rupali Bank Krira Parisad"]
[BlackTeam "Titas CC"]
[WhiteTeamCountry "BAN"]
[BlackTeamCountry "BAN"]

1. d4 Nf6 2. c4 b6 3. Nc3 Bb7 4. Nf3 e6 5. a3 g6 6. Bg5 Bg7 7. e3 d6 8. Be2 Nbd7 9. 0-0 h6 10. Bh4 0-0 11. Qc2 g5 12. Bg3 Nh5 13. h3 f5 14. Bh2 g4 15. hxg4 fxg4 16. Nd2 g3 17. Bxh5 gxh2+ 18. Kh1 Bxg2+ 19. Kxg2 Qg5+ 20. Kh1 Qxh5 21. Qe4 Rae8 22. f4 c5 23. Rf2 Nf6 24. Qf3 Qxf3+ 25. Rxf3 cxd4 26. exd4 Ng4 27. Ne2 e5 28. fxe5 dxe5 29. d5 Rxf3 30. Nxf3 e4 31. Nxh2 Nxh2 32. Kxh2 Bxb2 33. Ra2 Be5+ 34. Kh3 Rf8 35. Ng1 Rf1 36. Ne2 Rf2 37. Kg4 Kg7 38. Nc1 Rf1 39. Ne2 Kg6 40. a4 Rf3 0-1

[Event "Asian Continental Blitz op 19th"]
[Site "Delhi"]
[Date "2022.11.03"]
[Round "3"]
[White "Adhiban, Baskaran"]
[Black "Koustav, Chatterjee"]
[Result "0-1"]
[WhiteElo "2603"]
[BlackElo "2496"]
[PlyCount "166"]
[EventDate "2022.11.03"]
[EventType "swiss (blitz)"]
[EventRounds "9"]
[EventCountry "IND"]
[SourceTitle "EXT 2024"]
[Source "ChessBase"]
[SourceDate "2023.10.10"]
[SourceVersion "1"]
[SourceVersionDate "2023.10.10"]
[SourceQuality "1"]

1. e4 Nf6 2. e5 Nd5 3. c4 Nb6 4. d4 d6 5. f4 g6 6. Nc3 dxe5 7. fxe5 Bg7 8. c5 Nd5 9. Bc4 Nxc3 10. bxc3 0-0 11. Nf3 b6 12. Ba3 Ba6 13. Bxa6 Nxa6 14. Qa4 Nb8 15. 0-0 Qe8 16. Qxe8 Rxe8 17. Ng5 f5 18. Ne6 Na6 19. g4 fxg4 20. c6 h5 21. c4 Bh6 22. Rad1 Rac8 23. d5 Nc5 24. Bxc5 bxc5 25. Kg2 Be3 26. h3 gxh3+ 27. Kxh3 Kh7 28. Rf7+ Kh6 29. Kg3 Bd4 30. Kf4 Rb8 31. Nxc7 Rf8 32. Rxf8 Rxf8+ 33. Ke4 Rf5 34. Ne6 Bxe5 35. Rb1 Bd6 36. Rb7 Rf2 37. Rxa7 h4 38. c7 Bxc7 39. Rxc7 h3 40. Rc8 Kh5 41. Rh8+ Kg4 42. Rg8 h2 43. Rxg6+ Kh5 44. Rg5+ Kh6 45. Ke3 h1Q 46. Kxf2 Qh4+ 47. Ke3 Qxc4 48. a3 Qc3+ 49. Ke4 Qxa3 50. Rg8 Qb4+ 51. Kf5 Qb1+ 52. Ke5 Qe1+ 53. Kf5 Qf2+ 54. Ke5 Qe3+ 55. Kf5 Qd3+ 56. Ke5 Qe3+ 57. Kf5 Qf3+ 58. Ke5 Qf6+ 59. Ke4 c4 60. Rc8 Qh4+ 61. Kf5 Qf2+ 62. Ke4 Qe2+ 63. Kf5 Qd3+ 64. Ke5 Qg3+ 65. Kf5 Qf3+ 66. Ke5 Qe3+ 67. Kf5 Qf3+ 68. Ke5 Qf6+ 69. Ke4 Qg6+ 70. Ke5 Qf6+ 71. Ke4 c3 72. Nd4 Qg6+ 73. Ke5 Qf6+ 74. Ke4 Qg6+ 75. Kf4 Qg5+ 76. Kf3 Qxd5+ 77. Ke3 e5 78. Nf5+ Kg5 79. Ng3 Qd4+ 80. Kf3 Qd3+ 81. Kf2 c2 82. Ne2 e4 83. Rc3 Qxc3 0-1

[Event "Asian Continental op 19th"]
[Site "Delhi"]
[Date "2022.11.03"]
[Round "9"]
[White "Sethuraman, SP."]
[Black "Koustav, Chatterjee"]
[Result "1-0"]
[WhiteElo "2645"]
[BlackElo "2496"]
[PlyCount "81"]
[EventDate "2022.10.26"]
[EventType "swiss"]
[EventRounds "9"]
[EventCountry "IND"]
[SourceTitle "EXT 2024"]
[Source "ChessBase"]
[SourceDate "2023.10.10"]
[SourceVersion "1"]
[SourceVersionDate "2023.10.10"]
[SourceQuality "1"]

1. e4 e5 2. Nf3 Nc6 3. Bc4 Nf6 4. d3 Bc5 5. 0-0 d6 6. c3 a5 7. Bg5 h6 8. Bh4 Ba7 9. Nbd2 Bd7 10. Re1 g5 11. Bg3 h5 12. h4 Nh7 13. d4 g4 14. Nh2 Qf6 15. Bb5 0-0-0 16. Nc4 exd4 17. Bxc6 Bxc6 18. Nxa5 Bb5 19. a4 Ba6 20. b4 Bb6 21. Nb3 Bc4 22. a5 Ba7 23. Nxd4 d5 24. e5 Qa6 25. e6 Nf6 26. Be5 Ne4 27. e7 Rde8 28. Bxh8 Rxh8 29. Nxg4 Re8 30. Ne5 Nxc3 31. Qxh5 Bxd4 32. Qg4+ Qe6 33. Qxd4 Ne2+ 34. Rxe2 Bxe2 35. Re1 Bb5 36. Qa7 Qa6 37. Qc5 f6 38. Rc1 Bc6 39. Nxc6 Qxc6 40. Qxc6 bxc6 41. Re1 1-0

[Event "Asian Continental op 19th"]
[Site "Delhi"]
[Date "2022.11.01"]
[Round "7"]
[White "Aravindh, Chithambaram VR"]
[Black "Koustav, Chatterjee"]
[Result "0-1"]
[WhiteElo "2625"]
[BlackElo "2496"]
[PlyCount "146"]
[EventDate "2022.10.26"]
[EventType "swiss"]
[EventRounds "9"]
[EventCountry "IND"]
[SourceTitle "EXT 2024"]
[Source "ChessBase"]
[SourceDate "2023.10.10"]
[SourceVersion "1"]
[SourceVersionDate "2023.10.10"]
[SourceQuality "1"]

1. e4 e5 2. Nf3 Nc6 3. d4 exd4 4. Nxd4 Nf6 5. Nxc6 bxc6 6. Nd2 d5 7. exd5 cxd5 8. Bb5+ Bd7 9. Bxd7+ Qxd7 10. 0-0 Be7 11. b3 0-0 12. Bb2 Qf5 13. Re1 Bc5 14. Qf3 Qxc2 15. Bxf6 Qxd2 16. Bc3 Qc2 17. Re2 Qg6 18. Qxd5 Bb6 19. Rae1 h6 20. Qe4 Qxe4 21. Rxe4 Rad8 22. Bb4 c5 23. Bc3 Rd3 24. Rc1 Rfd8 25. Kf1 Rd1+ 26. Rxd1 Rxd1+ 27. Re1 Rd3 28. Rc1 f5 29. Ke2 Rd7 30. Bd2 Kf7 31. Be3 Rd5 32. Rc4 Ke6 33. h3 h5 34. Rc3 g6 35. Rc1 Kf7 36. Rc4 Ke6 37. f3 Kd6 38. g4 hxg4 39. fxg4 Ke6 40. g5 Re5 41. Kf3 Kd5 42. Rh4 Re6 43. Bd2 Re4 44. Rh6 c4 45. bxc4+ Rxc4 46. Rxg6 Rc2 47. Rg7 Ke6 48. Bb4 Rxa2 49. Re7+ Kd5 50. h4 Rf2+ 51. Kg3 f4+ 52. Kh3 f3 53. Rf7 Rf1 54. Ba5 Bd4 55. Rd7+ Ke4 56. Re7+ Kf5 57. Be1 f2 58. Bxf2 Rxf2 59. Rf7+ Kg6 60. Rd7 Rf4 61. Kg3 Be5 62. Re7 Kf5 63. Kh3 a5 64. Ra7 Rf3+ 65. Kg2 Rg3+ 66. Kf1 Bc3 67. Rc7 Kg4 68. Kf2 Bd4+ 69. Ke2 Kxh4 70. Rd7 Bc3 71. Rc7 Kxg5 72. Kf2 Bd4+ 73. Ke2 Kf4 0-1

[Event "Raipur Chhattisgarh"]
[Site "Raipur"]
[Date "2022.09.24"]
[Round "6"]
[White "Subhayan, Kundu"]
[Black "Koustav, Chatterjee"]
[Result "0-1"]
[WhiteElo "2327"]
[BlackElo "2513"]
[PlyCount "72"]
[EventDate "2022.09.19"]
[EventType "swiss"]
[EventRounds "10"]
[EventCountry "IND"]
[SourceTitle "CBM 210 Extra"]
[Source "ChessBase"]
[SourceDate "2022.11.30"]
[SourceVersion "1"]
[SourceVersionDate "2022.11.30"]
[SourceQuality "1"]

1. e4 e5 2. Nf3 Nc6 3. Bc4 Bc5 4. 0-0 Nf6 5. d3 d6 6. c3 a5 7. Re1 0-0 8. h3 h6 9. Nbd2 Be6 10. Bb3 Bxb3 11. axb3 Re8 12. Nf1 d5 13. Ng3 Qd7 14. Nxe5 Nxe5 15. d4 Nxe4 16. Nxe4 dxe4 17. dxe5 Qf5 18. Qe2 Qxe5 19. Ra4 f5 20. Bf4 Qxf4 21. Qc4+ Kh7 22. Qxc5 b6 23. Qe3 Qxe3 24. Rxe3 Rad8 25. Re2 Rd1+ 26. Kh2 Red8 27. b4 axb4 28. Rxb4 R8d2 29. Rxd2 Rxd2 30. Kg1 Rd1+ 31. Kh2 Rf1 32. Kg3 g5 33. Rc4 Kg6 34. Rc6+ Kh5 35. Rxc7 f4+ 36. Kh2 Rxf2 0-1